1229 1175 1207 1726 1414 1899 1379 1913 1569 1073 1215 1292 1954 1673 1854 1313 1985 1562 1514 1802 1356 1357 1837 1117 1245 1971 1224 1716 1420 1053 1606 1355 1856 1784 1206 1296 1285 1298 1924 1528 1607 1628 1761 1008 1734 1453 1429 1931 1727 1654 1299 1495 1604 1706 1208 1696 1731 1645 1669 1672 1717 1742 1934 1430 1386 1593 1034 1269 1881 1166 1208 1903 1186 1431 1202 1257 1227 1064 1671 1822 1578 1742 1502 1252 1986 1472 1281 1132 1923 1322 1666 1043 1578 1054 1602 1306 1290 1794 1059 BCNSPRNW ULIB Ver.6.0+V

เปลี่ยนเป็นภาษาไทย

Change to English
 แสดงรายละเอียดบรรณานุกรม
  กลับหน้าหลัก

Brief Record : Get Marc (ISO 2709) : E-mail record : QR code < ปิดหน้าต่าง
LEADER : 00000nam 2200000uu 4500
001    13399111610
003     ULIB
008    110627s||||||||th 000 0 tha d
020    9789748300344
090    นว.^bจ685บ 2550
100 0  จูน
245 00 บาปเสน่หา/^cจูน
250    พิมพ์ครั้งที่ 2
260    กรุงเทพฯ :^bปริ๊นเซส,^c2550
300    206 หน้า
945    ^p140^l0^i026732
995    ทศพร
999 ^a ใช้งานได้ทุกระบบ
รายการนี้ยังไม่มีแท็ก
คุณยังไม่ได้ล็อกอิน คุณสามารถมีกิจกรรมร่วมกับเว็บไซต์ได้ แต่ต้องล็อกอินก่อน ::
  ล็อกอิน

รายการสื่อสารสนเทศ

ลำดับที่ ประเภท เลขเรียก/บาร์โค้ด สถานที่ สถานะ
- ไม่พบข้อมูล -

รายการใกล้เคียง
    ผู้แต่ง [จูน]

BibComment


ยังไม่เคยถูกคอมเมนท์

คอมเมนท์ทรัพยากรรายการนี้
  คอมเมนท์: บาปเสน่หา จูน


 Copyright 2026. Bcnsprnw @Library